Music Quiz

Random Music or Word Ladder Quiz
Score 0/84 Timer 10:00
0 Plays Today
Clue 4-Letter Word % Correct
A corrosive liquidAcid
71.8%
Military forceArmy
66.7%
The Queen Dowager of Marlon• Prim •
65.4%
Pollo's mischievous sister• Arte •
64.1%
To performActs
64.1%
Cards either worth the least or greatest amount of pointsAces
64.1%
To be interested in the artsArty
62.8%
Having excelledAced
62.8%
Hot and dryArid
62.8%
WeaponsArms
61.5%
A female horseMare
61.5%
The Vessel of Wrath• Grim •
61.5%
The tree that protects the forest• Held •
60.3%
Collective term for creative endeavorsArts
60.3%
A framework of evenly spaced linesGrid
60.3%
Being presentHere
59%
A downpourRain
59%
Sweet-smelling flowerRose
59%
A large group of animalsHerd
57.7%
A walking stickCane
57.7%
One of Eve's stillborn twins• Cain •
57.7%
What trains travel onRail
57.7%
Rearmost part of most animalsTail
57.7%
Rodents known for enjoying cheeseMice
57.7%
To pinpoint a targetAims
56.4%
To tend to someoneCare
56.4%
Large in statureTall
56.4%
Where Gallerian fell intoHell
56.4%
Clue 4-Letter Word % Correct
Grain grown in east AsiaRice
56.4%
To give something for a period of timeLend
55.1%
A story, typically fictionalTale
55.1%
Fee for crossing a bridgeToll
55.1%
To move upRise
55.1%
The moon goddess• Luna •
55.1%
Michaela's older brother• Lich •
53.8%
Small insects that live on the scalpLice
53.8%
To own a lot of moneyRich
52.6%
Excavation in the ground to obtain mineralsMine
52.6%
The past participle of 'be'Been
52.6%
A sheet of glassPane
52.6%
The director of Evils Theater• Doll •
51.3%
A game piece used in MahjongTile
51.3%
Disgusting or abhorrentVile
51.3%
Yukina's younger sister• Aile •
51.3%
Penultimate ruler of the Kingdom of Lucifenia• Arth •
51.3%
Amount of medicine prescribed by doctorDose
51.3%
To repairMend
51.3%
The man who shot an apple of his son's headTell
48.7%
To afflict a personAils
48.7%
The groundLand
48.7%
A very small amount, typically in comparisonMere
48.7%
A loud plosive soundBang
48.7%
A sharp canine toothFang
48.7%
The backRear
48.7%
An kidney-shaped edible seedBean
48.7%
To have met someone in the pastSeen
48.7%
Clue 4-Letter Word % Correct
Levia's area of expertiseMind
47.4%
To describe a book one has completedRead
47.4%
A narrow roadLane
47.4%
Man with the appearance of a tiger• Feng •
46.2%
To have told a falsehoodLain
46.2%
A cause of distressBane
46.2%
To give out equallyDole
46.2%
Protect oneselfFend
44.9%
To produce eggsLaid
44.9%
PrimaryMain
44.9%
What Meta was once mistaken forBear
44.9%
Perceiving with the eyesSees
44.9%
The mother of the Twins of God• Meta •
44.9%
The leader of Apocalypse• Pale •
44.9%
To tear into multiple piecesRend
43.6%
Placing somethingSets
43.6%
AcneZits
43.6%
Crescent-shapedLune
43.6%
Taking a rest from being on your feetSits
42.3%
The awakened vessel of greed• Gear •
41%
A variant of cabbageKale
39.7%
Germaine's birth name• Zita •
38.5%
A hormone produced in humansACTH
37.2%
Sixth letter of the Greek alphabetZeta
37.2%
Marlon's young king• Kyle •
37.2%
To dispense justiceMete
25.6%
A basket woven from flaxKete
17.9%
A term for the stomachKyte
17.9%
Remove Ads.
Support Sporcle.
Get the best of Sporcle when you Go Orange. This ad-free experience offers more features, more stats, and more fun while also helping to support Sporcle. Thank you for becoming a member.

You're not logged in!

Compare scores with friends on all Sporcle quizzes.
OR
Log In

Show Comments

Extras

Created May 3, 2019ReportNominate
Tags:Word Ladder Quiz, Vocaloid

Top Quizzes Today


Score Distribution

Your Account Isn't Verified!

In order to create a playlist on Sporcle, you need to verify the email address you used during registration. Go to your Sporcle Settings to finish the process.

Report this User

Report this user for behavior that violates our Community Guidelines.

Details: